00357nam a2200157Ia 45000010006000000050017000060080041000230410008000640820016000721000027000882450031001152600009001463000028001556500008001836540008001911903620260306171714.0260306s9999||||xx |||||||||||||| ||und|| aESP a658.8bA69P aArellano, RolandoeAUT 0aMarketing para vivir mejor c2013 a252 páginas :c23 cm. aGEN aCAN